30 Greatest WWE Matches of All Time (no order) Quiz Stats

 Plays Quiz not verified by Sporcle

Score 0/30 Timer 13:00
0 Plays Today
Place Match % Correct
Raw, April 23, 2007John Cena vs Shawn Michaels
100%
WrestleMania 20Triple H vs Chris Benoit vs Shawn Michaels
99.7%
SummerSlam 2002Shawn Michaels vs Triple H
99.7%
Royal Rumble 1992Royal Rumble 1992
98.8%
Bad Blood 1997Shawn Michaels vs Undertaker
98.5%
Raw, February 15, 2013CM Punk vs John Cena
98.2%
WrestleMania 14Steve Austin vs Shawn Michaels
97.5%
Money in the Bank 2011CM Punk vs John Cena
97.2%
WrestleMania 24Shawn Michaels vs Ric Flair
97.2%
Royal Rumble 2015Brock Lesnar vs John Cena vs Seth Rollins
96.9%
Royal Rumble 2000Triple H vs Cactus Jack
96.9%
No Way Out 2000Triple H vs Cactus Jack
96.9%
WrestleMania 10Shawn Michaels vs Razor Ramon
96.6%
War Games 1996Shawn Michaels vs Mankind
96.3%
No Way Out 2006Kurt Angle vs. Undertaker
95.4%
Place Match % Correct
WrestleMania X7The Rock vs Stone Cold Steve Austin
95.1%
WrestleMania 18Hulk Hogan vs The Rock
95.1%
King of the Ring 1998Mankind vs Undertaker
94.8%
WrestleMania 3Hulk Hogan vs Andre the Giant
94.5%
WrestleMania 13Stone Cold Steve Austin vs Bret Hart
93.9%
WrestleMania 19Chris Jericho vs Shawn Michaels
92.6%
Royal Rumble 2003Kurt Angle vs Chris Benoit
90.5%
WrestleMania 17Kurt Angle vs Chris Benoit
90.5%
SummerSlam 1994Bret Hart vs Owen Hart
88.3%
Vengeance 2005Shawn Michaels vs Kurt Angle
88%
No Way Out 2004Eddie Guerrero vs Brock Lesnar
87.4%
WrestleMania 25The Undertaker vs Shawn Michaels
85.9%
WrestleMania 3Ricky Steamboat vs Macho Man Randy Savage
82.2%
WrestleMania 17The Hardy Boyz vs The Dudley Boys vs Edge and Christian
77.6%
SummerSlam 1992Bret Hart vs British Bulldog
53.4%

You're not logged in!

Compare scores with friends on all Sporcle quizzes.
OR
Log In

Sporcle TV

Today on Sporcle TV


Watch our educational content, quiz creation guides, and fun videos on Sporcle TV.

Show Comments

Extras

Created Sep 27, 2017ReportNominate
Tags:WWE Quiz

Top Quizzes Today


Score Distribution

Your Account Isn't Verified!

In order to create a playlist on Sporcle, you need to verify the email address you used during registration. Go to your Sporcle Settings to finish the process.

Report this User

Report this user for behavior that violates our Community Guidelines.

Details: